000 00400nam a2200133Ia 4500
008 151001s9999||||xx |||||||||||||| ||und||
100 _aसुदुंबरेकर मेधा
245 _aआर्ट अँड क्राफ्ट
250 _a1
260 _b"ज्योत्स्ना प्रकाशन ,मुंबई"
260 _c2013
300 _a64
365 _b21
999 _c1002052
_d1002049